000
00310nam a2200133Ia 4500
008
200615s9999||||xx |||||||||||||| ||und||
020
_a
9788126509102
082
_a
650
_b
PRO-J
100
_a
JACK R MEREDITH
245
0
_a
PROJECT MANAGEMENT
250
_a
5TH
260
_a
new delhi
_b
WILLY
_c
2018
942
_c
BK
999
_c
28061
_d
28061